Plan maestro de espacio público (Registro nro. 38834)

Detalles MARC
000 -ENCABEZADO
Número de control [NR] 01295nam a2200265Ia 4500
005 - FECHA Y HORA DE LA ÚLTIMA TRANSACCIÓN
control field 20150217101714.0
008 - DE LONGITUD FIJA DE DATOS DE ELEMENTOS - INFORMACIÓN GENERAL
Elementos de longitud fija [NR] 130821s2007 ck ab gr spa
020 ## - NUMERO INTERNACIONAL NORMALIZADO PARA LIBROS [R]
Número Internacional Normalizado del libro [NR] 9789588310077
040 ## - FUENTE DE CATALOGACION [NR]
Agencia de catalogación original [NR] Co-BoUCM
Idioma de catalogación [NR] spa
Quien Cataloga Jose A. Gerena (modificó)
Quien Clasifica Aldemar Mondragón (modificó)
041 00 - CODIGO DE IDIOMA [R]
Código de idioma para texto/pista de sonido o título separado [R] Español
110 1# - ASIENTO PRINCIPAL--NOMBRE CORPORATIVO [NR]
Nombre corporativo o de jurisdicción como elemento de entrada [NR] Bogotá
Unidad subordinada [R] Alcaldía Mayor
-- Departamento Administrativo de Planeación Distrital. DAPD
ID de autoridad 53255
245 10 - MENCION DE TITULO [NR]
Título [NR] Plan maestro de espacio público
Mención de responsabilidad, etc. [NR] Alcaldía Mayor de Bogotá
260 ## - PUBLICACION, DISTRIBUCION, ETC. (PIE DE IMPRENTA) [R]
Lugar de publicación, distribución, etc. [R] Bogotá (Colombia)
Nombre del editor, distribuidor, etc. [R] Alcaldía mayor de Bogotá
-- Universidad del Valle
Fecha de publicación, distribución, etc. [R] 2007
300 ## - DESCRIPCION FISICA [R]
Extensión [R] 4 volumenes
Otros detalles físicos [NR] ilustraciones, gráficos, mapas
505 0# - NOTA DE CONTENIDO CON FORMATO PREESTABLECIDO [R]
Información miscelánea [R] V.1
State manifest and birth record (1764-1977). Decreto 215 de 2005. --
Información miscelánea [R] V2.
State manifest and birth record (1764-1977). El espacio público como patrimonio de la ciudad, documento técnico de soporte. --
Información miscelánea [R] V.3
State manifest and birth record (1764-1977). Información técnica complementaria. --
Información miscelánea [R] V.4
State manifest and birth record (1764-1977). Conjuntos monumentales.
650 07 - ASIENTO SECUNDARIO DE MATERIA - TERMINO TEMATICO [R]
Término temático o nombre geográfico como elemento de entrada [NR] Desarrollo urbano
Subdivisión geográfica [R] Bogotá (Colombia)
9 (RLIN) 29913
650 07 - ASIENTO SECUNDARIO DE MATERIA - TERMINO TEMATICO [R]
Término temático o nombre geográfico como elemento de entrada [NR] Espacio público
Subdivisión geográfica [R] Bogotá (Colombia)
9 (RLIN) 27782
650 07 - ASIENTO SECUNDARIO DE MATERIA - TERMINO TEMATICO [R]
Término temático o nombre geográfico como elemento de entrada [NR] Planificación regional
Subdivisión geográfica [R] Bogotá (Colombia)
9 (RLIN) 39262
650 07 - ASIENTO SECUNDARIO DE MATERIA - TERMINO TEMATICO [R]
Término temático o nombre geográfico como elemento de entrada [NR] Política urbana
Subdivisión geográfica [R] Bogotá (Colombia)
9 (RLIN) 22027
650 07 - ASIENTO SECUNDARIO DE MATERIA - TERMINO TEMATICO [R]
Término temático o nombre geográfico como elemento de entrada [NR] Urbanismo
9 (RLIN) 25989
690 ## - ASUNTO AGREGADO LOCAL DE ENTRADA - TÉRMINO TEMÁTICO (OCLC, RLIN)
9 (RLIN) 42923
Acceso temático local Urbanismo
710 2# - ASIENTO SECUNDARIO - NOMBRE CORPORATIVO [R]
Nombre corporativo o de jurisdicción como elemento de entrada [NR] Universidad del Valle
9 (RLIN) 4733
942 ## - ELEMENTOS DE ENTRADA AGREGADOS (KOHA)
Tipo de ítem principal el descrito en 300a Libro
Tema principal Arte
Edición 1
Parte restante de la signatura top. B675pm
Sistema de clasificación DEWEY
Clasificación 711.4098614
Existencias
Fecha de último préstamo Total préstamos Total Renewals Signatura topográfica Código de barras Última vez visto Volúmen / Fascículo Ejemplar Price effective from Tipo de ítem Perdido Sistema de clasificación Dañado No prestable Tipo de ítem específico Suprimido Ubicación habitual Ubicación actual Localización Fecha de creación Forma de adquisición Costo
26/03/2014 12 3 711.4098614 B675pm 100084787 06/12/2025 V.2 Ej.1 03/02/2013 Libro   DEWEY     Libro   Claustro Claustro 2do piso 30/09/2007 Donación 26000.00
23/01/2013     711.4098614 B675pm 100084788 06/12/2025 V.4 Ej.1 03/02/2013 Libro   DEWEY     Libro   Claustro Claustro 2do piso 30/09/2007 Donación 26000.00
23/01/2013     711.4098614 B675pm 100084786 06/12/2025 V.1 Ej.1 03/02/2013 Libro   DEWEY     Libro   Claustro Claustro 2do piso 30/09/2007 Donación 26000.00